| 000 | 00437nam a2200157 i 4500 | ||
|---|---|---|---|
| 001 | 90219 | ||
| 003 | ES-MaACL | ||
| 005 | 20230906180401.0 | ||
| 007 | t| | ||
| 008 | 050119s1909 fr ||||1| fre d | ||
| 100 | 1 |
_aLeblond, Marius-Ary. _971025 |
|
| 245 | 1 | 2 |
_aL'idéal du XIXe siecle / _cpar Marius-ary Leblond. |
| 260 |
_aParís : _b[s.n., _c1909] ( _eTours : _fE. Arrault) |
||
| 300 |
_a328 p. ; _c22 cm. |
||
| 852 |
_aES-MaACL _jB-6828 |
||
| 999 |
_c90219 _d90219 |
||